000 00679nam a2200229Ia 4500
005 20250508164158.0
008 008 250505s9999 xx 000 0 eng d
020 _a0-325-00459-5
037 _aTextBook
040 _aFEDL
_beng
_cFEDL
041 _aeng
_2eng
084 _a507.1, THI
_qFEDL
100 _aThier Marlene
_9777608
245 0 _aNew science literacy: Using language skills to help students learn science
260 _aHeinemann
_bUniversity of California USA
_c2002
300 _axxi,194p
365 _aGBP
_b12.9
650 _aScience Education
700 _a Daviss Bennett
_9777609
942 _cTB
_h507.1, THI
999 _c1387456
_d1387456